书目信息 |
| 题名: |
教育学考研应试题库
|
|
| 作者: | 徐影 主编 | |
| 分册: | ||
| 出版信息: | 北京 北京理工大学出版社有限责任公司 2019.04 |
|
| 页数: | 603页 | |
| 开本: | 26cm | |
| 丛书名: | ||
| 单 册: | ||
| 中图分类: | G40-44 | |
| 科图分类: | ||
| 主题词: | 教育学--jiao yu xue--硕士生入学考试--题库 | |
| 电子资源: | ||
| ISBN: | 978-7-5682-4646-0 | |
| 000 | 00790nam0 2200241 450 | |
| 001 | 0104125637 | |
| 005 | 20201104125713.0 | |
| 010 | @a978-7-5682-4646-0@dCNY86.80 | |
| 100 | @a20200408d2019 em y0chiy50 ea | |
| 101 | 0 | @achi |
| 102 | @aCN@b110000 | |
| 105 | @ay zq 000yy | |
| 106 | @ar | |
| 200 | 1 | @a教育学考研应试题库@Ajiao yu xue kao yan ying shi ti ku@f徐影主编 |
| 210 | @a北京@c北京理工大学出版社有限责任公司@d2019.04 | |
| 215 | @a603页@d26cm | |
| 300 | @a凯程教育学考研精品教程 | |
| 330 | @a本书分为五部分,内容包括:教育学原理、中国教育史、外国教育史、教育心理学、教育研究方法。 | |
| 606 | 0 | @a教育学@Ajiao yu xue@x硕士生入学考试@j题库 |
| 690 | @aG40-44@v5 | |
| 701 | 0 | @a徐影@Axu ying@c(女)@4主编 |
| 801 | 0 | @aCN@bBJSZM@c20201104 |
| 905 | @b1261474-7@dG40-44@e1115@f4 | |
| 教育学考研应试题库/徐影主编.-北京:北京理工大学出版社有限责任公司,2019.04 |
| 603页;26cm |
| 凯程教育学考研精品教程 |
| ISBN 978-7-5682-4646-0:CNY86.80 |
| 本书分为五部分,内容包括:教育学原理、中国教育史、外国教育史、教育心理学、教育研究方法。 |
| ● |
| 相关链接 |
|
|
|
|
正题名:教育学考研应试题库
索取号:G40-44/1115
 
预约/预借
| 序号 | 登录号 | 条形码 | 馆藏地/架位号 | 状态 | 备注 |
| 1 | 1261474 | 212614740 | 第一样本阅览室/ [索取号:G40-44/1115] | 在馆 | |
| 2 | 1261475 | 212614759 | 教育系资料室/ [索取号:G40-44/1115] | 在馆 | |
| 3 | 1261476 | 212614768 | 教育系资料室/ [索取号:G40-44/1115] | 在馆 | |
| 4 | 1261477 | 212614777 | 第四借阅区/ [索取号:G40-44/1115] | 在馆 |